000 00725nam a2200229Ia 4500
005 20230306120613.0
008 131103s9999 xx 000 0 und d
020 _a1860646433
_cRs 295
040 _aLoreto College
041 _aEnglish
082 _a822.33
_bSHA-BER
100 _aBerryman, John,1914-1972
245 _aBerryman's Shakespeare
_b Essays, letters and other writings by John Berryman
_cEdited by John Haffenden
260 _aLondon
_bTauris Parke Paperbacks
_c2001
300 _alxviii,401p
504 _aIncludes bibliographical references and index
650 _aShakespeare, William, 1564-1616
651 _aDrama, Shakespeare
700 _aHaffenden, John, ed
850 _aLCLIB
942 _cBK
999 _c11161
_d61640